LIBRARY & INFORMATION CENTRE, KCAET, TAVANUR

ONLINE PUBLIC ACCESS CATALOGUE (OPAC)

Comparison of different lining materials for field channels based on seepage characteristics (Record no. 15166)

MARC details
000 -LEADER
fixed length control field 00774nam a22001937a 4500
003 - CONTROL NUMBER IDENTIFIER
control field OSt
088 ## - REPORT NUMBER
Report number P 287
100 ## - MAIN ENTRY--AUTHOR NAME
Personal name ANNIE S. S
245 ## - TITLE STATEMENT
Title Comparison of different lining materials for field channels based on seepage characteristics
260 ## - PUBLICATION, DISTRIBUTION, ETC. (IMPRINT)
Place of publication Tavanur 2014
Name of publisher Kelappaji College of Agricultural Engineering and Technology
300 ## - PHYSICAL DESCRIPTION
Number of Pages 65
500 ## - GENERAL NOTE
General note Comparison of different lining materials for field channels based on seepage characteristics
520 ## - SUMMARY, ETC.
Summary, etc Comparison of different lining materials for field channels based on seepage characteristics
700 ## - ADDED ENTRY--PERSONAL NAME
Personal name Sukanya S
700 ## - ADDED ENTRY--PERSONAL NAME
Personal name Er. Priya G. Nair (Guide)
856 ## - ELECTRONIC LOCATION AND ACCESS
Uniform Resource Identifier https://drive.google.com/open?id=1BCEtOpg0W5W739VEgDPOBuu09cPGpIAw
942 ## - ADDED ENTRY ELEMENTS (KOHA)
Koha item type Project Report
Holdings
Collection code Home library Current library Shelving location Full call number Accession Number Koha item type
Reference KAUAET KAUAET Reference 631.7 ANN/CO P 287 Project Report
free website counter